000 00489nam a2200181Ia 4500
003 GCL
008 140319s9999 xx 000 0 ara d
040 _aGCL /
_cGCL
082 0 4 _aط
_b922.1
_bع ا
100 1 _aعبدالمنعم قنديل
245 1 0 _aاسامة بن زيد /
_cعبدالمنعم قنديل
700 1 _aعلى الجمبلاطى
300 _a80
490 _a100 قصة
_v0
650 0 4 _aالتراجم
650 0 4 _aاسامة بن زيد
942 _2ddc
_cBK
999 _c44270
_d44270